Introduction to robotics / (Record no. 184012)

000 -LEADER
fixed length control field 00955 a2200193 4500
003 - CONTROL NUMBER IDENTIFIER
control field Nust
005 - DATE AND TIME OF LATEST TRANSACTION
control field 20230103103902.0
010 ## - LIBRARY OF CONGRESS CONTROL NUMBER
LC control number 88010307
020 ## - INTERNATIONAL STANDARD BOOK NUMBER
International Standard Book Number 0387174524
040 ## - CATALOGING SOURCE
Transcribing agency Nust
082 00 - DEWEY DECIMAL CLASSIFICATION NUMBER
Classification number 629.892,VUK
100 1# - MAIN ENTRY--PERSONAL NAME
Personal name Vukobratovi⣬ Miomir.
9 (RLIN) 106702
245 10 - TITLE STATEMENT
Title Introduction to robotics /
Statement of responsibility, etc. Miomir Vukobratovic
260 ## - PUBLICATION, DISTRIBUTION, ETC.
Place of publication, distribution, etc. Berlin ;
-- New York :
Name of publisher, distributor, etc. Springer-Verlag,
Date of publication, distribution, etc. 1989.
300 ## - PHYSICAL DESCRIPTION
Extent xiv, 301 p. :
Other physical details ill. ;
Dimensions 24 cm.
505 ## - FORMATTED CONTENTS NOTE
Formatted contents note General Introduction to Robots (Page-1), Manipulator Kinematic Model (Page-19), Dynamics and Dynamic Analysis of Manipulation Robots (Page-50), Control of Robots (Page-118), Microprocessor Implementation of Control Algorithms (Page-162), Industrial Robot Programming Systems (Page-180), Sensors in Robotics (Page-208), Elements, Structures and Application of Industrial Robots (Page-230), Robotics and Flexible Automation Systems (Page-270),
650 #0 - SUBJECT ADDED ENTRY--TOPICAL TERM
Topical term or geographic name entry element Telecommunication engineering
942 ## - ADDED ENTRY ELEMENTS (KOHA)
Source of classification or shelving scheme
Koha item type Book
Holdings
Withdrawn status Lost status Source of classification or shelving scheme Damaged status Not for loan Permanent Location Current Location Shelving location Date acquired Full call number Barcode Date last seen Price effective from Koha item type Public note
          Military College of Signals (MCS) Military College of Signals (MCS) General Stacks 12/12/2016 629.892,VUK MCS5677 12/08/2016 12/12/2016 Book Almirah No.42, Shelf No.1
© 2023 Central Library, National University of Sciences and Technology. All Rights Reserved.